Stati per minore tasso di crescita della popolazione - Africa - Statistics

Statistiche generali
  • Questo quiz è stato fatto 5 volte
  • Il punteggio medio è 7 su 10
Statistiche sulle risposte
Tasso di crescita (%) Nazione % Corretto
1,27 Algeria
80%
1,34 Comore
80%
0,09 Mauritius
80%
0,60 Seychelles
80%
0,91 Sudafrica
80%
1,37 Botswana
60%
0,76 Lesotho
60%
0,63 Tunisia
60%
1,08 Eritrea
40%
0,72 eSwatini
40%
Nessun quiz corrispondente trovato
Distribuzione punteggi
Percentuale di utenti per punteggio
Percentile per numero di risposta
I tuoi punteggi nel tempo
Non hai fatto questo quiz